Relaciones de los reinados de Carlos V y Felipe II. (Record no. 181630)

MARC details
000 -LEADER
campo de control de longitud fija 00982nam a2200253 i 4500
001 - NÚMERO DE CONTROL
campo de control 181630
003 - IDENTIFICADOR DE NÚMERO DE CONTROL
campo de control ES-MaACL
005 - FECHA Y HORA DE LA ÚLTIMA TRANSACCIÓN
campo de control 20250824085147.0
008 - DATOS DE LONGITUD FIJA--INFORMACIÓN GENERAL
campo de control de longitud fija 130226s1950 sp | |||| ||spa d
080 ## - NÚMERO DE LA CLASIFICACIÓN DECIMAL UNIVERSAL
Número de la Clasificación Decimal Universal 946.0"15"(093)
080 ## - NÚMERO DE LA CLASIFICACIÓN DECIMAL UNIVERSAL
Número de la Clasificación Decimal Universal 929 Carlos (460) I
080 ## - NÚMERO DE LA CLASIFICACIÓN DECIMAL UNIVERSAL
Número de la Clasificación Decimal Universal 929 Felipe (460) II
245 00 - MENCIÓN DEL TÍTULO
Título Relaciones de los reinados de Carlos V y Felipe II.
Número de parte o sección de la obra 2 /
Mención de responsabilidad, etc. [prólogo de Amalio Huarte].
260 ## - PUBLICACIÓN, DISTRIBUCIÓN, ETC.
Lugar de publicación, distribución, etc. Madrid :
Nombre del editor, distribuidor, etc. Sociedad de Bibliófilos Españoles,
Fecha de publicación, distribución, etc. 1950.
300 ## - DESCRIPCIÓN FÍSICA
Extensión 1 v. (XV, 285 p., [7] h. de lám.) ;
Dimensiones 23 cm.
490 1# - MENCIÓN DE SERIE
Mención de serie Sociedad de Bibliófilos Españoles. Segunda época ;
Designación de volumen o secuencia 25
651 #4 - PUNTO DE ACCESO ADICIONAL DE MATERIA--NOMBRE GEOGRÁFICO
Nombre geográfico España-
Subdivisión general Historia-
Subdivisión cronológica 1516-1556, Carlos I.
9 (RLIN) 8224
651 #4 - PUNTO DE ACCESO ADICIONAL DE MATERIA--NOMBRE GEOGRÁFICO
Nombre geográfico España-
Subdivisión general Historia-
Subdivisión cronológica 1556-1598, Felipe II.
9 (RLIN) 8218
700 1# - ENTRADA AGREGADA--NOMBRE PERSONAL
Nombre de persona Huarte y Echenique, Amalio.
9 (RLIN) 64475
710 2# - ENTRADA AGREGADA--NOMBRE DE ENTIDAD CORPORATIVA
Nombre de entidad corporativa o nombre de jurisdicción como elemento de entrada Sociedad de Bibliófilos Españoles.
9 (RLIN) 6661
830 10 - PUNTO DE ACCESO ADICIONAL DE SERIE-TÍTULO UNIFORME
Título uniforme Sociedad de Bibliófilos Españoles. Segunda época
Designación de volumen o secuencia 25
9 (RLIN) 191496
852 4# - LOCALIZACIÓN
Ubicación ES-MaACL
Número de control de estantería J-7(II-25)
Holdings
Estatus retirado Estado de pérdida Estado de daño No para préstamo Biblioteca de origen Biblioteca actual Ubicación en estantería Fecha de adquisición Fuente de adquisición Total de préstamos Signatura topográfica completa Código de barras Visto por última vez Precio de reemplazo Tipo de ítem Koha
        Biblioteca del Ateneo de Madrid Biblioteca del Ateneo de Madrid Depósito 2 26/02/2013     J-7(II-25) 1190875 23/02/2023 23/02/2023 Libro impreso